| 000 | 00480nam a22001817a 4500 | ||
|---|---|---|---|
| 003 | MPLRDC | ||
| 005 | 20220104113817.0 | ||
| 008 | 210129b ||||| |||| 00| 0 eng d | ||
| 020 | _a957-773-075-2 | ||
| 082 | _a889 CSJB v.6 | ||
| 100 | _a索妃. 魏丝顿 | ||
| 245 |
_a爱情交易 _c苏怡如译 |
||
| 260 |
_a _b禾林图书股份有限公司 _c1994 |
||
| 300 | _b平 | ||
| 490 | _a畅销金榜系列. 6 | ||
| 650 | _a西洋小说之中文翻译 | ||
| 942 |
_cBK _o889 CSJB v.6 |
||
| 999 |
_c2539 _d2529 |
||